Normal view
MARC view
- الكاظمي، فؤاد؛ ترجمة صلاح سعد الله سعدالله خليل الشكرجي
Entry Personal Name
001 - CONTROL NUMBER
- control field: 38956
003 - CONTROL NUMBER IDENTIFIER
- control field: JO-AjAnu
005 - DATE AND TIME OF LATEST TRANSACTION
- control field: 20230606080501.0
008 - FIXED-LENGTH DATA ELEMENTS
- fixed length control field: 230606|| aca||aabn | a|a d
040 ## - CATALOGING SOURCE
- Original cataloging agency: JO-AjAnu
- Transcribing agency: JO-AjAnu
100 ## - HEADING--PERSONAL NAME
- Personal name: الكاظمي، فؤاد؛ ترجمة صلاح سعد الله سعدالله خليل الشكرجي
670 ## - SOURCE DATA FOUND
- Source citation: Work cat.: (JO-AjAnu)19980: الكاظمي، فؤاد؛ ترجمة صلاح سعد الله سعدالله خليل الشكرجي, author, الصراع الجوهري:دراسات مختارة في التقليد العلمي والتغير